Liczba medali Letnich Igrzysk Olimpijskich 1900 - Statystyki

Ogólne statystyki
  • Ten quiz został rozwiązany 21 razy
  • Średni wynik to 8 z 10
Statystyki odpowiedzi
Medali Złoto Srebro Brąz Reprezentacja % Poprawnych
47 19 14 14 Stany Zjednoczone
100%
8 4 2 2 Cesarstwo Niemieckie
95%
101 26 41 34 Francja
95%
30 15 6 9 Wielka Brytania
95%
12 6 3 3 Belgia
89%
6 0 3 3 Cesarstwo Austrii
84%
5 3 2 0 Włochy
84%
6 1 3 2 Dania
68%
9 6 2 1 Szwajcaria
63%
15 5 5 5 Drużyna Mieszana
26%
Nie znaleziono quizów pasujących do podanych kryteriów
Rozkład punktacji
Procent ludzi z każdym wynikiem
Percentyl według liczby udzielonych odpowiedzi
Twoja historia wyników
Nie rozwiązałeś tego quizu